Zur gesamtwirtschaftlichen Effizienz ausländischer Direktinvestitionen in den Küstenregionen der VR China

Salvato in:
Dettagli Bibliografici
Autore principale: Hiemenz, Ulrich
Altri autori: Li, Bo
Natura: Libro
Lingua:tedesco
Pubblicazione: Kiel Institut für Weltwirtschaft 1988
Serie:Arbeitspapier Nr. 335
Tags: Aggiungi Tag
Nessun Tag, puoi essere il primo ad aggiungerne!!

MARC

LEADER 00000nam a2200000 4500
001 c039086
005 20250526075937.8
041 0 |a ger 
044 |a DE 
245 1 0 |a Zur gesamtwirtschaftlichen Effizienz ausländischer Direktinvestitionen in den Küstenregionen der VR China  |c Ulrich Hiemenz, Bo Li 
264 1 |a Kiel  |b Institut für Weltwirtschaft  |c 1988 
300 |a 50 s. 
490 1 |a Arbeitspapier  |v Nr. 335 
830 0 |a Arbeitspapier  |v Nr. 335 
100 1 |a Hiemenz, Ulrich 
700 1 |a Li, Bo